000
00303nam a22001337a 4500
003
SGT
082
_a
320
_b
P67D
100
_a
DWIVEDY, SURENDRANATH
245
_a
POLITICAL CORRUPTION IN INDIA
260
_b
POPULAR BOOK SERVICES
_c
1967
300
_a
180
650
_a
POLITICAL SCIENCE
942
_2
ddc
_c
BK
999
_c
28093
_d
28093